• 首页
  • 本馆介绍
  • 公告通知
  • 最新文献
  • 馆藏检索
  • 电子资源
  • 读者导购
  • 参考咨询
  • 我的图书馆
  • 登录
  • 详细信息显示
  • 放入我的书架
  • 预约/预借图书
  • 作者相关作品
  • 分类相关作品
  • 丛书相关作品
  • 出版社相关作品

书目信息

  • 表格格式
  • 工作单格式
  • 卡片格式
题名:
中国高校出版社发展报告
    
 
作者: ;教育部 编
分册:  
出版信息: 北京   中国人民大学出版社  2011
页数: 265页
开本: 28cm
丛书名:
单 册:
中图分类: G239.22
科图分类:
主题词: 高等学校--出版社--研究报告--中国--2005-2010 , 高等学校 , 出版社
电子资源:
ISBN: 978-7-300-14297-5
000 00912nam0 2200253 450
001 523
005 20140909172047.73
010    @a978-7-300-14297-5@dCNY68.00
100    @a20111230d2011 em y0chiy50 ea
101 0  @achi
102    @aCN@b110000
105    @ay z 000yy
106    @ar
200 1  @a中国高校出版社发展报告@e2005-2010@f教育部社会科学司编
210    @a北京@c中国人民大学出版社@d2011
215    @a265页@d28cm@e1光盘
330    @a本书汇总、统计和分析了各高校出版社的基本情况、图书出版情况、经营情况、队伍建设情况和获奖情况。介绍了“十五”期末高校出版社的发展状况,以及在两个五年计划中,高校出版社的发展变化,重点介绍了“十一五”时期高校出版社的发展走向。
606 0  @a高等学校@x出版社@x研究报告@y中国@z2005-2010
606 0  @a高等学校
606 0  @a出版社
690    @aG239.22@v5
711 02 @a教育部@b社会科学司@4编
801  0 @aCN@bTANGWEI@c20140603
905    @b0843017-19@dG239.22@e62@f3
    
    中国高校出版社发展报告:2005-2010/教育部社会科学司编.-北京:中国人民大学出版社,2011
    265页;28cm+1光盘
    
    
    ISBN 978-7-300-14297-5:CNY68.00
    本书汇总、统计和分析了各高校出版社的基本情况、图书出版情况、经营情况、队伍建设情况和获奖情况。介绍了“十五”期末高校出版社的发展状况,以及在两个五年计划中,高校出版社的发展变化,重点介绍了“十一五”时期高校出版社的发展走向。
●
相关链接 在E读中查询图书 在五车中查询图书 在当当中查询图书 在豆瓣中查询图书


正题名:中国高校出版社发展报告     索取号:G239.22/62         预约/预借

序号 登录号 条形码 馆藏地/架位号 状态 备注
1 0843017   208430170   第一样本阅览室/ [索取号:G239.22/62] 在馆    
2 0843018   208430189   第四借阅区/ [索取号:G239.22/62] 在馆    
3 0843019   208430198   第四借阅区/ [索取号:G239.22/62] 在馆    
唐山师范学院图书馆 欢迎您!
大连网信软件有限公司© 版权所有